Κατάλογος Βιβλιοθηκών Mediterranean College

Global Shift / Transforming the World Economy (Record no. 2631)

MARC details
000 -LEADER
fixed length control field 01202cam a22002054a 4500
005 - ΗΜΕΡΟΜΗΝΙΑ ΚΑΙ ΩΡΑ ΤΕΛΕΥΤΑΙΑΣ ΕΝΗΜΕΡΩΣΗΣ
Πεδίο ελέγχου 20250605164048.0
008 - FIXED-LENGTH DATA ELEMENTS--GENERAL INFORMATION
Πεδίο ελέγχου σταθερού μήκους 250528s ||||||||||||||||||||||||d
035 ## - SYSTEM CONTROL NUMBER
System control number 17197
020 ## - ISBN
ISBN 1853963674
040 ## - ΠΗΓΗ ΚΑΤΑΛΟΓΟΓΡΑΦΗΣΗΣ
Φορέας πρωτότυπης καταλογογράφησης MC Athens Campus Library
Γλώσσα καταλογογράφησης Ελληνικά, Μοντέρνα (1453-)
Modifying agency MC Athens Campus Library
Κανόνες περιγραφικής καταλογογράφησης AACR2
245 1# - ΤΙΤΛΟΣ ΚΑΙ ΔΗΛΩΣΗ ΥΠΕΥΘΥΝΟΤΗΤΑΣ
Τίτλος Global Shift / Transforming the World Economy
250 ## - EDITION STATEMENT
Edition statement 3rd
260 ## - PUBLICATION, DISTRIBUTION, ETC.
Name of publisher, distributor, etc. Paul Chapman Publishing,
Date of publication, distribution, etc. 1998
300 ## - PHYSICAL DESCRIPTION
Extent 496
520 ## - SUMMARY, ETC.
Summary, etc. A unique approach to one of the key issues of the new millennium. Acknowledgements, A New Geo-Economy, Patterns of Global Shift, The Global Economic Map: Trends in Production and Trade and Investment, Processes of Global Shift, National Variations in Policy Stance, Technology: The ''Great Growling Engine of Change'', Dynamics of Conflict and Collaboration: ''Both Transnational Corporations and States Matter'', Global Shift: The Picture in Different Sectors, ''Wheels of Change'': The Automobile Industry, ''Chips and Screens'': The Electronics Industries, Stresses and Strains of Adjustment to Global Shift, Making a Living in the Global Economy, Issues of Global Governance, Bibliography, Index.
700 1# - ΠΡΟΣΘΕΤΗ ΑΝΑΓΡΑΦΗ--ΦΥΣΙΚΟ ΠΡΟΣΩΠΟ
Personal name Dicken Peter
9 (RLIN) 3355
942 ## - ADDED ENTRY ELEMENTS (KOHA)
Koha item type Books
Holdings
Τύπος τεκμηρίου Βιβλιοθήκη Τρέχουσα τοποθεσία Barcode Αριθμός εισαγωγής Ημερομηνία απόκτησης Ταξιθετικό σύμβολο Αριθμός αντιτύπου Κατάσταση απόσυρσης Κατάσταση χαμένου Κατάσταση κατεστραμμένου Μη δανεισμός Σύνολο δανεισμών Ημερομηνία τελευταίας εμφάνισης Η τιμή ισχύει από
Books MC Athens Campus Library MC Athens Campus Library 9780000026309 8577 05/06/2025 338/.0904 DIC 1           05/06/2025 05/06/2025

MC Athens Campus Library
Πατησίων 94 & Κοδριγκτώνος 13, 104 34
Πελλήνης 8 & Πατησίων 107, 112 51
Τ: +30 210 8899600

MC Thessaloniki Campus Library
Ίωνος Δραγούμη 21, 54625 | Ίωνος Δραγούμη 15, 54625
Τ: +30 2310 287779 – Τ: +30 2314 440300